000 01465nam a2200241 a 4500
008 120206s2006 ||||||||||||||||| || u
020 _a9781412902229
050 _aLB 2395.3 Wal
100 _aWallace, Mike
245 1 0 _aCritical reading and writng for postgraduates
_cby Mike Wallace and Alison Wray
260 _aLondon:
_bSAGE Publications
_c2006
300 _axiii, 223p.: ill.
350 _a0.00
490 _aSAGE Study Skills
650 0 _aREADING (HIGHER EDUCATION)
650 0 _aCRITICAL THINKING--STUDY AND TEACHING (HIGHER)
700 _aWray, Alison
995 _FCBU-MAIN LIBRARY (Kitwe)
_I0.00
_M2
_UAVAILABLE
_WJun 11, 2013
_ZAnnex Low-Usage Collection
995 _FCBU-KAPASA MAKASA LIBRARY (Chinsali)
_I0.00
_M4
_UAVAILABLE
_WApr 5, 2017
_ZKapasa Makasa Library Open Acess Collection
995 _FCBU-MAIN LIBRARY (Kitwe)
_I0.00
_M3
_UAVAILABLE
_WJun 11, 2013
_ZAnnex Low-Usage Collection
995 _FCBU-MAIN LIBRARY (Kitwe)
_I0.00
_M1
_UAVAILABLE
_WJun 11, 2013
_ZMain Library Open Access Collection
995 _FCBU-KAPASA MAKASA LIBRARY (Chinsali)
_I0.00
_M5
_UAVAILABLE
_WApr 5, 2017
_ZKapasa Makasa Library Open Acess Collection
999 _c62628
_d62628